000 01324cam a22001814a 4500
005 20250605164402.0
008 250528s ||||||||||||||||||||||||d
035 _a24625
040 _aGR-AtMCL
_bgre
_dGR-AtMCL
_eAACR2
245 1 _aΔιαστημικές Κατασκευές / Κατασκευές για το Καλοκαίρι
260 _bΔημιουργικό Εργαστήρι,
_c2012
300 _a60
520 _aΤο Ταξιδάκι του Σκαντζόχειρου, Γρανάζια εν Δράσει, Μακέτα Νησί, Χταπόδι, Κάβουρας, Γλάρος με Ολόλευκα Φτερά, Κορνίζα με Αστερίες Καλοκαιρινές Κάρτες, Φάλαινα, Παιχνιδιάρικα Δελφίνια, Μόπμιλε Φεγγάρια, Ο Ήλιος σε ένα Πιάτο, Ουράνιο Τόξο, Κομήτης ή Πεφταστέρι, Η Γη μας, Μοβ Πλανήτης, Ο Κοσμοναύτης, Πύραυλος, Μικροί Πήλινοι Εξωγήινοι, Ιπτάμενος Δίσκος, Ταξίδι στο Διάστημα, Μην Ενοχλείτε, Ιπτάμενοι Δίσκοι, Πύραυλος Σελιδοδείκτης.
700 1 _aΒασδέκη Κυριακή
_99498
942 _cCR
999 _c9494
_d9494